Verbes anglais irréguliers - Mort subite - Statistiques

Statistiques générales
  • Ce quiz a été pris 1 838 fois
  • Le résultat moyen est 11 sur 20
Answers on the Grid
Answers color-coded by a green-red scale on the quiz's grid according to % correct below.
Be
Beat
Break
Bring
Drive
Choose
Go
Hear
Hit
Give
Do
Make
Run
See
Understand
Write
Fall
Take
Make
Swear
Watch
Ask
Accept
Avoid
Believe
Change
Cook
Die
Fear
Follow
Gather
Happen
Try
Study
Talk
Turn
Work
Wait
Open
Play
 
Statistiques - réponses
Réponse % Correct
Be
65%
Go
64%
Do
63%
Give
61%
See
60%
Run
59%
Take
59%
Write
59%
Break
58%
Choose
56%
Drive
56%
Fall
56%
Understand
56%
Bring
55%
Make
53%
Beat
52%
Make
52%
Hit
51%
Swear
43%
Hear
41%
Aucun quiz correspondant
Distribution des résultats
% des personnes avec chaque résultat
Percentile par nombre de réponses
Votre historique - résultats
Vous n’avez pas pris ce quiz